000 00990cam a22003257a 4500
001 1999
003 FISKH
005 20231025124358.0
008 060612s2005 nyua 000 0 eng
010 _a 2006276782
020 _a0439773636 (pbk.)
020 _a9780439773638
040 _aDLC
_cDLC
_dDLC
_beng
050 0 0 _aMLCS 2006/11603 (Q)
082 _a612
100 1 _aBerger, Melvin.
245 1 0 _aYour body /
_cMelvin and Gilda Berger.
260 _aNew York :
_bScholastic,
_c2005.
300 _a16 unnumbered pages :
_bcolor illustrations ;
_c18 × 21 cm
490 1 _aScholastic readers. Time-to-discover
505 _aG
520 _aYour body has bones, muscles, and brain.
521 8 _a350
_bLexile
521 8 _aG
_bRaz-Plus
650 _aBody
_vNon fiction
700 1 _aBerger, Gilda.
_eAuthor
906 _a7
_bcbc
_corignew
_d2
_encip
_f20
_gy-gencatlg
942 _2ddc
_cBK
_n0
999 _c1999
_d1999